banner koha

Efeitos psicotropicos de plantas brasileiras; pt. 1: aspectos antropologicos; pt. 2: aspectos botanicos; pt. 3: aspectos quimicos; pt. 4: aspectos farmacologicos (Registro n. 111938)

MARC details
000 -LÍDER
campo de controle de tamanho fixo 00919nas a2200277 4500
001 - NÚMERO DE CONTROLE
campo de controle BR8301767
003 - IDENTIFICADOR DO NÚMERO DE CONTROLE
campo de controle BR-BrBNA
005 - DATA E HORÁRIO DA ÚLTIMA TRANSAÇÃO
campo de controle 20231205085522.0
007 - CAMPO FIXO DE DESCRIÇÃO FÍSICA--INFORMAÇÃO GERAL
campo de controle de tamanho fixo ta
008 - CAMPO DE DADOS FIXOS--INFORMAÇÃO GERAL
campo de controle de tamanho fixo 230509b bl.|||p| |||| 00| 00por d
040 ## - FONTE DA CATALOGAÇÃO
Instituição da catalogação original BR-BrBNA
Idioma da catalogação por
Instituição que transcreveu o registro Biblioteca Nacional de Agricultura
041 ## - CÓDIGO DE IDIOMA
Código do idioma do texto/trilha sonora ou título diferente (Pt)
072 ## - CÓDIGO DE CATEGORIA DE ASSUNTO
Código de Categoria de Assunto F00
100 1# - ENTRADA PRINCIPAL--NOME PESSOAL
Nome pessoal Cartini, E.A. (ed.)
100 1# - ENTRADA PRINCIPAL--NOME PESSOAL
Nome pessoal Matos, F.J. de A.
100 1# - ENTRADA PRINCIPAL--NOME PESSOAL
Nome pessoal Rizzini, C.T.
100 1# - ENTRADA PRINCIPAL--NOME PESSOAL
Nome pessoal Oliveira, A.B. de
245 1# - TÍTULO
Título Efeitos psicotropicos de plantas brasileiras; pt. 1: aspectos antropologicos; pt. 2: aspectos botanicos; pt. 3: aspectos quimicos; pt. 4: aspectos farmacologicos
650 ## - ASSUNTO--TERMO TÓPICO
Cabeçalho tópico ou nome geográfico PLANTA PRODUTORA DE DROGA
650 ## - ASSUNTO--TERMO TÓPICO
Cabeçalho tópico ou nome geográfico BOTANICA
650 ## - ASSUNTO--TERMO TÓPICO
Cabeçalho tópico ou nome geográfico ANALISE QUIMICA
650 ## - ASSUNTO--TERMO TÓPICO
Cabeçalho tópico ou nome geográfico MEDICAMENTO
773 0# - ENTRADA ANALÍTICA
Título Ciencia e Cultura (Brazil)
ISSN - International Standard Serial Number ISSN 0009-6725
Partes relacionadas (Apr 1983), v. 35(4) p. 432-450
Número de controle do registro BR8301767
909 ## -
-- 202311
-- Lúcia
-- 55
-- Lúcia Elande
942 ## - ELEMENTOS DE ENTRADA ADICIONADOS (KOHA)
Fonte da classificação ou esquema de arquivamento na estante Classificação AGRIS
Ocultar no OPAC Não
Tipo de material Koha Analítica
Exemplares
Situação do descarte Fonte da classificação ou esquema de arquivamento na estante Situação física Não pode ser emprestado Biblioteca de origem Biblioteca atual Localização na estante Enumeração do periódico / cronologia Total de empréstimos Data de último acesso Número do exemplar Tipo de material Koha Fonte de aquisição
  Classificação AGRIS   Consulta local Biblioteca Nacional de Agricultura - Binagri Biblioteca Nacional de Agricultura - Binagri   (Apr 1983), v. 35(4) p. 432-450   29/11/2023 01 Periódicos Portaria Interministerial nº 164/94

BINAGRI

Telefone: (61)3218-2567/2388/3357/2097 - binagri@agro.gov.br

Ministério da Agricultura e Pecuária , Esplanada dos Ministérios, Bloco D, Anexo B, Brasília/DF, CEP: 70.043-900